ბათუმის შოთა რუსთაველის სახელმწიფო უნივერსიტეტის ბიბლიოთეკა

Там закололся Митридат... : (ბიბ.ჩანაწერი № 61133)

000 -LEADER
fixed length control field 00879nam a22001937a 4500
005 - DATE AND TIME OF LATEST TRANSACTION
control field 20231221164933.0
008 - FIXED-LENGTH DATA ELEMENTS--GENERAL INFORMATION
fixed length control field 231221s2004 ru ||||| |||| 00| 0 rus d
020 ## - INTERNATIONAL STANDARD BOOK NUMBER
International Standard Book Number 5981110201
041 ## - LANGUAGE CODE
Language code of text/sound track or separate title rus
080 ## - UNIVERSAL DECIMAL CLASSIFICATION NUMBER
Universal Decimal Classification number 355.48(477.9) B-49
100 ## - MAIN ENTRY--PERSONAL NAME
Personal name Виноградов, Ю. А.
9 (RLIN) 20843
245 ## - TITLE STATEMENT
Title Там закололся Митридат... :
Remainder of title Военная история Боспора Киммерийского в доримскую эпоху (VI-I вв. до н. э.) /
Statement of responsibility, etc. Ю.А. Виноградов.
264 ## - PRODUCTION, PUBLICATION, DISTRIBUTION, MANUFACTURE, AND COPYRIGHT NOTICE
Place of production, publication, distribution, manufacture М.:
Name of producer, publisher, distributor, manufacturer Филоматис,
Date of production, publication, distribution, manufacture, or copyright notice 2004.
300 ## - PHYSICAL DESCRIPTION
Extent 208 с.:
Other physical details ил.;
Dimensions 17 см.
653 ## - INDEX TERM--UNCONTROLLED
keyword კიმერიული ბოსფორის სამხედრო ისტორია პრერომაულ ხანაში
653 ## - INDEX TERM--UNCONTROLLED
keyword არქეოლოგია
653 ## - INDEX TERM--UNCONTROLLED
keyword ისტორია
942 ## - ADDED ENTRY ELEMENTS (KOHA)
Source of classification or shelving scheme
Koha item type წიგნი
ეგზემპლარები
Withdrawn status Lost status Source of classification or shelving scheme Damaged status Not for loan Permanent Location Current Location Shelving location Date acquired Cost, normal purchase price Full call number Barcode Date last seen Copy number Uniform Resource Identifier Price effective from Koha item type Public note
          ბათუმის შოთა რუსთაველის სახელმწიფო უნივერსიტეტის მთავარი ბიბლიოთეკა ბათუმის შოთა რუსთაველის სახელმწიფო უნივერსიტეტის მთავარი ბიბლიოთეკა წიგნსაცავი 2023-12-21 6.00 355.48(477.9) B-49 65648 2023-12-21 65648 ბსუ-ს საპატიო დოქტორის გურამ ლორთქიფანიძის საჩუქარი 2023-12-21 წიგნი 6 ლ.